01200nam a2200193Ia 4500001001000000003001000010008004100020040002500061041001300086100003800099245008300137250001100220260008700231300001200318500026400330501011400594520026400708650003400972L235-9260IT-CnALBA170116s9999||||xx |||||||||||||| ||und|| aIT-CnALBAcIT-CnALBA aITALIANO aPUTINO PADRE GIUSEPPE, SCUOLE PIE 0aSAN NICOLA ARCIVESCOVO DI MIRA. VITA. MIRACOLI. TRASLAZIONE DEL CORPO A BARI.  a1a ed. a TIVOLIbMANTERO OFFICINE GRAFICHE c1931 [1° Ed.:1931 - Ed.Ling.Originale: 1931] a225 p.  aCARITÀ VERSO I POVERI. SACERDOTE. A GERUSALEMME. SITUAZIONE DELLA CHIESA. ARCIVESCOVO IN ESILIO. MISSIONARIO IN LICIA. ERESIA DI ARIO. A NICEA. A ROMA. IN SOGNO A COSTANTINO. VIRTÙ. MORTE. MIRACOLI. TRASLAZIONE DEL CORPO A BARI. BASILICA. PELLEGRINAGGI. C aSocietà San Paolo EM - Piazza San Paolo, 14 - 12051 ALBA (CN) (non commercial uses only) ® Copyright 2017 aCARITÀ VERSO I POVERI. SACERDOTE. A GERUSALEMME. SITUAZIONE DELLA CHIESA. ARCIVESCOVO IN ESILIO. MISSIONARIO IN LICIA. ERESIA DI ARIO. A NICEA. A ROMA. IN SOGNO A COSTANTINO. VIRTÙ. MORTE. MIRACOLI. TRASLAZIONE DEL CORPO A BARI. BASILICA. PELLEGRINAGGI. C aMARIA SS. ANGELI SANTI DEMONI